000 00739 a2200241 4500
005 20260306172248.0
008 260112b |||||||| |||| 00| 0 eng d
020 _a9780670095230
037 _cTB
040 _aCRL
_cCRL
041 _2eng
_aeng
084 _aV2y7N07 R2
_qCRL
100 _aJuss, Satvinder
_9856020
245 _aBhagat Singh:
_blife in revolution
260 _aGurugram, India:
_bPenguin Random House,
_c2022.
300 _a471p.
365 _b1199
_cINR
650 _aHistory
650 _aIndia History
650 _aBhagat Singh
_9587749
942 _cTB
_2CC
_n0
_hV2y7N07 R2
999 _c1466243
_d1466243